<?xml version="1.0" encoding="UTF-8"?>
<record
    xmlns:xsi="http://www.w3.org/2001/XMLSchema-instance"
    xsi:schemaLocation="http://www.loc.gov/MARC21/slim http://www.loc.gov/standards/marcxml/schema/MARC21slim.xsd"
    xmlns="http://www.loc.gov/MARC21/slim">

  <leader>02849nam a22002657i 4500</leader>
  <controlfield tag="001">Rebiun34990451</controlfield>
  <controlfield tag="008">240228s2024    sp ab    b    001 u spa d</controlfield>
  <datafield tag="020" ind1=" " ind2=" ">
    <subfield code="a">9788412791501</subfield>
  </datafield>
  <datafield tag="040" ind1=" " ind2=" ">
    <subfield code="a">ESEHU </subfield>
    <subfield code="b">eng</subfield>
    <subfield code="e">rdc </subfield>
    <subfield code="c">ESEHU</subfield>
  </datafield>
  <datafield tag="050" ind1=" " ind2=" ">
    <subfield code="a">QH445.2</subfield>
    <subfield code="b">R88 2017</subfield>
  </datafield>
  <datafield tag="100" ind1=" " ind2=" ">
    <subfield code="a">Rutherford, Adam</subfield>
    <subfield code="9">13497</subfield>
  </datafield>
  <datafield tag="245" ind1="1" ind2="0">
    <subfield code="a">Breve historia de todos los que han vivido </subfield>
    <subfield code="b">: el relato de nuestros genes </subfield>
    <subfield code="c">/ Adam Rutherford ; traducci&#xF3;n de Joan Llu&#xED;s Riera</subfield>
  </datafield>
  <datafield tag="260" ind1=" " ind2=" ">
    <subfield code="a">Barcelona : </subfield>
    <subfield code="b">Pasado y Presente, </subfield>
    <subfield code="c">2024</subfield>
  </datafield>
  <datafield tag="300" ind1=" " ind2=" ">
    <subfield code="a">352 p. : </subfield>
    <subfield code="b">il., mapa ; </subfield>
    <subfield code="c">23 cm</subfield>
  </datafield>
  <datafield tag="490" ind1="1" ind2=" ">
    <subfield code="a">Imperdibles</subfield>
  </datafield>
  <datafield tag="500" ind1=" " ind2=" ">
    <subfield code="a">Traducci&#xF3;n de: A brief history of everyone who ever lived : the stories in our genes</subfield>
  </datafield>
  <datafield tag="504" ind1=" " ind2=" ">
    <subfield code="a">Includes bibliographical references and index</subfield>
  </datafield>
  <datafield tag="520" ind1=" " ind2=" ">
    <subfield code="a">Esta es una historia sobre ti. La historia de qui&#xE9;n eres y c&#xF3;mo has llegado a ser quien eres. Tu historia es &#xFA;nica; como lo es la del resto de 10 billones de humanos que alguna vez respiraron. Adam Rutherford, genetista de la Universidad de Londres, ha escrito un libro divertido, apasionante y l&#xFA;cido que abre las puertas a concebir nuestra existencia de un modo nuevo y fascinante. Nuestro genoma no debe leerse como un manual de instrucciones sino como un poema &#xE9;pico. Con un lenguaje sencillo y emotivo, Rutherford consigue explicar en qu&#xE9; consiste la mayor revoluci&#xF3;n cient&#xED;fica a escala humana de la historia de la humanidad. Sin duda este libro se convertir&#xE1; en un cl&#xE1;sico de la divulgaci&#xF3;n cient&#xED;fica como lo fueron los libros de Stephen Jay Gould o los de Richard Dawkins</subfield>
  </datafield>
  <datafield tag="520" ind1=" " ind2=" ">
    <subfield code="a">This is a story about you. It is the history of who you are and how you came to be. Unique to you, as it is to each of the one hundred billion modern humans who have ever drawn breath, it is also our shared story. For within each of our genomes lies the chronicle of our species &#x2014; of births and deaths, disease and war, famine, migration, and a great deal of sex.

Since scientists first decoded the human genome in 2001, it has become the subject of countless claims, counterclaims, and misconceptions. Yet, as Adam Rutherford argues, our genomes are not instruction manuals to be followed, but epic poems to be interpreted. Our DNA tells us far less than we might imagine about ourselves as individuals &#x2014; and far more about us as a species.

In this compelling exploration of the ever-evolving field of genetics, Rutherford reveals what our genes can now teach us about history, and what history, in turn, reveals about our genes. From Neanderthals to murder, red hair to race, dead kings to plague, evolution to epigenetics &#x2014; this is a lucid and revelatory portrait of who we are, and how we came to be.</subfield>
  </datafield>
  <datafield tag="650" ind1=" " ind2="0">
    <subfield code="a">Genome, Human--genetics</subfield>
    <subfield code="9">25171</subfield>
  </datafield>
  <datafield tag="650" ind1=" " ind2="0">
    <subfield code="a">Genomics--history</subfield>
    <subfield code="9">25172</subfield>
  </datafield>
  <datafield tag="650" ind1=" " ind2="0">
    <subfield code="a">Biological Evolution</subfield>
    <subfield code="9">25052</subfield>
  </datafield>
  <datafield tag="650" ind1=" " ind2="0">
    <subfield code="a">DNA--history</subfield>
    <subfield code="9">25173</subfield>
  </datafield>
  <datafield tag="942" ind1=" " ind2=" ">
    <subfield code="2">lcc</subfield>
  </datafield>
  <datafield tag="952" ind1=" " ind2=" ">
    <subfield code="0">0</subfield>
    <subfield code="1">0</subfield>
    <subfield code="2">lcc</subfield>
    <subfield code="4">0</subfield>
    <subfield code="7">0</subfield>
    <subfield code="a">TBS</subfield>
    <subfield code="b">TBS</subfield>
    <subfield code="d">2025-05-09</subfield>
    <subfield code="l">0</subfield>
    <subfield code="o">QH445.2 RUT</subfield>
    <subfield code="p">B05811</subfield>
    <subfield code="r">2025-05-09</subfield>
    <subfield code="t">1</subfield>
    <subfield code="w">2025-05-09</subfield>
    <subfield code="y">1</subfield>
  </datafield>
  <datafield tag="999" ind1=" " ind2=" ">
    <subfield code="c">4646</subfield>
    <subfield code="d">4646</subfield>
  </datafield>
</record>
